[Event "CHN-ch U20 Girls"]
[Site "Shenzhen"]
[Date "2023.08.01"]
[Round "10"]
[White "Shen, Qianyu"]
[Black "Li, Zimeng"]
[Result "1/2-1/2"]
[WhiteElo "1366"]
[BlackElo "1581"]
[PlyCount "69"]
[EventDate "2023.07.28"]
[EventType "swiss"]
[EventRounds "11"]
[EventCountry "CHN"]
[SourceTitle "CBM 215 Extra"]
[Source "ChessBase"]
[SourceDate "2023.09.30"]
[SourceVersion "1"]
[SourceVersionDate "2023.09.30"]
[SourceQuality "1"]

1. d4 d5 2. Bg5 Bf5 3. e3 h6 4. Bf4 Nf6 5. h3 e6 6. Nf3 Nbd7 7. Bd3 Ne4 8. 0-0 Bd6 9. Bxd6 cxd6 10. c3 0-0 11. Bc2 Nb6 12. Nbd2 Nc4 13. Nxc4 dxc4 14. Nd2 Nxd2 15. Qxd2 Qg5 16. Bxf5 Qxf5 17. Qd1 Rfc8 18. Qb1 Rc6 19. Qxf5 exf5 20. Rfc1 Rb6 21. Rab1 Ra6 22. b3 Rxa2 23. bxc4 b6 24. Ra1 Rb2 25. Rcb1 Rxb1+ 26. Rxb1 Rc8 27. Rb4 Kf8 28. Kf1 Ke7 29. Ke2 Kf6 30. Kd3 g5 31. Ra4 Rc6 32. Rb4 Ke6 33. Rb5 f6 34. g4 fxg4 35. hxg4 1/2-1/2

[Event "CHN-ch U20 Girls"]
[Site "Shenzhen"]
[Date "2023.07.28"]
[Round "1"]
[White "Li, Zimeng"]
[Black "Zhang, Xiao"]
[Result "0-1"]
[WhiteElo "1581"]
[BlackElo "2180"]
[PlyCount "108"]
[EventDate "2023.07.28"]
[EventType "swiss"]
[EventRounds "11"]
[EventCountry "CHN"]
[SourceTitle "CBM 215 Extra"]
[Source "ChessBase"]
[SourceDate "2023.09.30"]
[SourceVersion "1"]
[SourceVersionDate "2023.09.30"]
[SourceQuality "1"]

1. e4 e5 2. Nf3 Nc6 3. Bc4 Bc5 4. c3 Nf6 5. d4 exd4 6. e5 d5 7. Bb5 Ne4 8. cxd4 Bb6 9. Nc3 0-0 10. Be3 Bg4 11. h3 Bh5 12. Bxc6 bxc6 13. Qc2 Bg6 14. Qe2 Rb8 15. 0-0 Qe7 16. Na4 Bh5 17. g4 Bg6 18. Rac1 f5 19. exf6 Qxf6 20. Ne5 Be8 21. b4 Qh4 22. Kg2 Rd8 23. Nxb6 cxb6 24. Nf3 Qe7 25. Bg5 Qd6 26. Bxd8 Qxd8 27. Nd2 Nd6 28. Nf3 Rf4 29. Rce1 Ne4 30. Qe3 Qf6 31. Nd2 Bg6 32. Nxe4 Rxe4 33. Qc3 Rxd4 34. Re3 Be4+ 35. f3 Bg6 36. Rc1 Qf4 37. Rce1 h6 38. Qxc6 Rd2+ 39. R3e2 Kh7 40. Kf2 Qh2+ 41. Kf1 Qxh3+ 42. Kf2 Qh2+ 43. Kf1 Rxe2 44. Rxe2 Bd3 45. Qe6 Qxe2+ 46. Qxe2 Bxe2+ 47. Kxe2 Kg6 48. Ke3 Kg5 49. Kd4 Kf4 50. Kxd5 Kxf3 51. Kc6 Kxg4 52. Kb7 h5 53. Kxa7 h4 54. Kxb6 h3 0-1

[Event "CHN-chT (Women)"]
[Site "Hangzhou"]
[Date "2023.05.21"]
[Round "3.3"]
[White "Zou, Xinyi"]
[Black "Li, Zimeng"]
[Result "1/2-1/2"]
[WhiteElo "1672"]
[BlackElo "1570"]
[PlyCount "125"]
[EventDate "2023.05.19"]
[EventType "team-swiss"]
[EventRounds "9"]
[EventCountry "CHN"]
[SourceTitle "CBM 214 Extra"]
[Source "ChessBase"]
[SourceDate "2023.07.31"]
[SourceVersion "1"]
[SourceVersionDate "2023.07.31"]
[SourceQuality "1"]
[WhiteTeam "Hainan (W)"]
[BlackTeam "Hebei (W)"]
[WhiteTeamCountry "CHN"]
[BlackTeamCountry "CHN"]

1. c4 e5 2. Nc3 Nf6 3. Nf3 Nc6 4. e3 d5 5. cxd5 Nxd5 6. d4 exd4 7. Nxd4 Ndb4 8. a3 Nxd4 9. exd4 Nd5 10. Bc4 Nb6 11. Ba2 Qe7+ 12. Be3 Qf6 13. Ne4 Qc6 14. Ng5 Qxg2 15. Bxf7+ Ke7 16. Kd2 h6 17. Qh5 Bg4 18. Qg6 hxg5 19. Rhg1 Qf3 20. Rae1 Kd7 21. Bxg5 Qxf2+ 22. Kc1 Bd6 23. Be3 Qf5 24. Rxg4 Qxg6 25. Rxg6 Rxh2 26. Rxg7 Kc6 27. Bd2 Nd5 28. Be8+ Kb6 29. Bf7 Nf4 30. Bc4 Rah8 31. Rg5 a6 32. Rg4 R2h4 33. Rxh4 Rxh4 34. Rf1 Kc6 35. Be1 Rh2 36. Bg3 Ne2+ 37. Bxe2 Rxe2 38. Bf2 Bf4+ 39. Kb1 Kd5 40. Bg1 Ke4 41. Rd1 c6 42. Ka2 Be3 43. Kb3 Bxg1 44. Rxg1 Kxd4 45. Rd1+ Kc5 46. Rc1+ Kb6 47. Rc3 Re4 48. Rg3 Kb5 49. Kc3 c5 50. b3 Ka5 51. Rf3 b5 52. Rg3 Re6 53. Rh3 Kb6 54. Rg3 a5 55. Rh3 b4+ 56. axb4 axb4+ 57. Kc4 Kc6 58. Rh4 Kd6 59. Rg4 Rf6 60. Rh4 Rg6 61. Kb5 Rg5 62. Kc4 Rg6 63. Kb5 1/2-1/2

[Event "CHN-ch sf (Women)"]
[Site "Hefei"]
[Date "2023.04.28"]
[Round "11"]
[White "Ding, Shirui"]
[Black "Li, Zimeng"]
[Result "1-0"]
[WhiteElo "1491"]
[BlackElo "1640"]
[PlyCount "41"]
[EventDate "2023.04.23"]
[EventType "swiss"]
[EventRounds "11"]
[EventCountry "CHN"]
[SourceTitle "CBM 214 Extra"]
[Source "ChessBase"]
[SourceDate "2023.07.31"]
[SourceVersion "1"]
[SourceVersionDate "2023.07.31"]
[SourceQuality "1"]

1. d4 d5 2. c4 c6 3. Nf3 Nf6 4. e3 e6 5. b3 Ne4 6. Nbd2 Bb4 7. Bd3 Qa5 8. Qc2 Nxd2 9. Bxd2 Bxd2+ 10. Nxd2 h6 11. 0-0 Nd7 12. f4 Nf6 13. Nf3 0-0 14. Ne5 Nd7 15. Qf2 Nxe5 16. fxe5 dxc4 17. bxc4 Bd7 18. Qh4 Rfc8 19. Qe4 Qd2 20. Rf2 Qc3 21. Raf1 1-0

[Event "CHN-chTB"]
[Site "Hefei"]
[Date "2023.04.20"]
[Round "6"]
[White "Pi, Aiying"]
[Black "Li, Zimeng"]
[Result "0-1"]
[WhiteElo "1379"]
[BlackElo "1640"]
[PlyCount "132"]
[EventDate "2023.04.17"]
[EventType "team-swiss"]
[EventRounds "9"]
[EventCountry "CHN"]
[SourceTitle "EXT 2024"]
[Source "ChessBase"]
[SourceDate "2023.10.10"]
[SourceVersion "1"]
[SourceVersionDate "2023.10.10"]
[SourceQuality "1"]
[WhiteTeam "Hangzhou Intelligent Sports"]
[BlackTeam "Hebei"]
[WhiteTeamCountry "CHN"]
[BlackTeamCountry "CHN"]

1. e4 e6 2. d4 d5 3. Nc3 Nf6 4. Bg5 Be7 5. e5 Nfd7 6. Bxe7 Qxe7 7. Nb5 Nb6 8. c3 a6 9. Na3 c5 10. Nc2 Nc6 11. f4 Bd7 12. Nf3 Rc8 13. Be2 cxd4 14. Ncxd4 Na5 15. 0-0 0-0 16. Kh1 Nbc4 17. Qc1 Rc7 18. b4 Nc6 19. Bxc4 Nxd4 20. Nxd4 Rxc4 21. Qd2 Rfc8 22. Rf3 Qd8 23. h3 Qc7 24. Ne2 h6 25. a3 a5 26. Rd3 axb4 27. axb4 Bb5 28. Nd4 Bd7 29. Ra3 Kf8 30. g4 Qd8 31. Qf2 Ra8 32. Qa2 Rcc8 33. Rxa8 Rxa8 34. Qf2 Qc7 35. Re3 Qc4 36. f5 Ra1+ 37. Kg2 exf5 38. gxf5 Ra2 39. Re2 Rxe2 40. Qxe2 Qxe2+ 41. Nxe2 Bxf5 42. h4 Ke7 43. Kf3 Ke6 44. Kf4 g5+ 45. hxg5 hxg5+ 46. Kxg5 Kxe5 47. Nd4 f6+ 48. Kh4 Kf4 49. Nb3 b6 50. Nd4 Bd3 51. Ne6+ Ke5 52. Nd4 Kf4 53. Ne6+ Ke3 54. Nc7 Bc4 55. b5 f5 56. Na8 Bxb5 57. Nxb6 Bc4 58. Nd7 f4 59. Ne5 f3 60. Kg3 Be2 61. Ng4+ Kd3 62. Kf2 Kxc3 63. Nf6 d4 64. Ne4+ Kc2 65. Ke1 d3 66. Nc5 d2+ 0-1

[Event "CHN-chT (Women)"]
[Site "Nanjing"]
[Date "2023.02.20"]
[Round "7.2"]
[White "Li, Zimeng"]
[Black "Shao, Qiyu"]
[Result "1/2-1/2"]
[WhiteElo "1700"]
[BlackElo "1544"]
[PlyCount "109"]
[EventDate "2023.02.14"]
[EventType "team-swiss"]
[EventRounds "9"]
[EventCountry "CHN"]
[SourceTitle "CBM 212 Extra"]
[Source "ChessBase"]
[SourceDate "2023.03.31"]
[SourceVersion "1"]
[SourceVersionDate "2023.03.31"]
[SourceQuality "1"]
[WhiteTeam "Hebei (W)"]
[BlackTeam "Qingdao (W)"]
[WhiteTeamCountry "CHN"]
[BlackTeamCountry "CHN"]

1. e4 c5 2. Nf3 Nc6 3. d4 cxd4 4. Nxd4 g6 5. Nc3 Bg7 6. Be3 d6 7. Be2 Nf6 8. 0-0 0-0 9. Kh1 Nxd4 10. Bxd4 Be6 11. f4 Qa5 12. a3 a6 13. Qd3 Rac8 14. Rad1 b5 15. Qe3 Qc7 16. f5 Bc4 17. e5 dxe5 18. Bxe5 Qc6 19. fxg6 hxg6 20. Bf3 Qe6 21. Rfe1 Rfd8 22. Rd4 Rxd4 23. Bxd4 Qxe3 24. Bxe3 a5 25. Rd1 b4 26. axb4 axb4 27. Na4 Bb5 28. Nc5 e5 29. h3 Bf8 30. Ne4 Nxe4 31. Bxe4 f5 32. Bd5+ Kg7 33. Bb3 f4 34. Bf2 Bc6 35. Kg1 Kf6 36. c3 Bb5 37. cxb4 Bxb4 38. Rd5 Bc4 39. Bxc4 Rxc4 40. Rb5 Rc1+ 41. Kh2 Bd6 42. Rb6 Ke6 43. b4 Kd7 44. Bc5 Bc7 45. Rxg6 e4 46. Rg7+ Kc8 47. Re7 e3 48. g3 fxg3+ 49. Kg2 Rc2+ 50. Kf3 Rh2 51. Bxe3 Rxh3 52. Rg7 Rh4 53. Rg4 Rh5 54. Bf4 Rf5 55. Kxg3 1/2-1/2

[Event "CHN-chT (Women)"]
[Site "Nanjing"]
[Date "2023.02.19"]
[Round "6.2"]
[White "Zheng, Xiner"]
[Black "Li, Zimeng"]
[Result "0-1"]
[WhiteElo "1643"]
[BlackElo "1700"]
[PlyCount "158"]
[EventDate "2023.02.14"]
[EventType "team-swiss"]
[EventRounds "9"]
[EventCountry "CHN"]
[SourceTitle "CBM 212 Extra"]
[Source "ChessBase"]
[SourceDate "2023.03.31"]
[SourceVersion "1"]
[SourceVersionDate "2023.03.31"]
[SourceQuality "1"]
[WhiteTeam "Zhejiang (W)"]
[BlackTeam "Hebei (W)"]
[WhiteTeamCountry "CHN"]
[BlackTeamCountry "CHN"]

1. e4 e6 2. d4 d5 3. Nc3 Nf6 4. e5 Nfd7 5. f4 c5 6. Nf3 Nc6 7. Be3 Qb6 8. Na4 Qa5+ 9. c3 cxd4 10. b4 Qc7 11. Nxd4 Nxd4 12. Bxd4 Be7 13. Bd3 a6 14. 0-0 g6 15. Qf3 0-0 16. Qg3 b5 17. Nb2 Nb8 18. Qe3 Nc6 19. Bb6 Qd7 20. a3 Bb7 21. Be2 Bd8 22. Nd3 Rc8 23. Rfd1 Ne7 24. Bxd8 Rfxd8 25. Nc5 Qc6 26. Qf2 Ra8 27. a4 Rdc8 28. axb5 axb5 29. Qf1 Qb6 30. Bxb5 Nf5 31. Qe2 Rxa1 32. Rxa1 Rxc5 33. bxc5 Qxc5+ 34. Kh1 Qxc3 35. Qe1 Qd4 36. Ra4 Qc5 37. Bd3 Ne3 38. Rb4 Bc6 39. Rb2 d4 40. h3 Qa3 41. Rb8+ Kg7 42. Qb4 Qc1+ 43. Kh2 Nf1+ 44. Bxf1 Qxf4+ 45. Kg1 Qe3+ 46. Kh1 Qxh3+ 47. Kg1 Qe3+ 48. Kh2 Qxe5+ 49. g3 Qh5+ 50. Kg1 Qh1+ 51. Kf2 Qf3+ 52. Ke1 Qe3+ 53. Be2 Qc1+ 54. Bd1 Qe3+ 55. Kf1 Qxg3 56. Qxd4+ e5 57. Qg1 Qd3+ 58. Be2 Qh3+ 59. Kf2 Qh4+ 60. Qg3 Qd4+ 61. Kf1 Qa1+ 62. Qe1 Bg2+ 63. Kf2 Qa7+ 64. Kxg2 Qxb8 65. Qc3 Qd6 66. Bf3 f5 67. Qa5 Kf6 68. Bd5 h5 69. Qa8 Kg5 70. Qa5 f4 71. Kf3 Kf6 72. Ke4 g5 73. Kf3 g4+ 74. Ke4 h4 75. Qe1 g3 76. Qe2 Qb4+ 77. Kf3 h3 78. Be4 Qa3+ 79. Kg4 g2 0-1

[Event "CHN-chTB"]
[Site "Harbin"]
[Date "2019.07.26"]
[Round "10.3"]
[White "Li, Zimeng"]
[Black "Xu, Tong"]
[Result "1-0"]
[WhiteElo "1662"]
[BlackElo "2129"]
[PlyCount "129"]
[EventDate "2019.07.20"]
[EventType "team-swiss"]
[EventRounds "11"]
[EventCountry "CHN"]
[SourceTitle "CBM 191 Extra"]
[Source "ChessBase"]
[SourceDate "2019.09.30"]
[SourceVersion "1"]
[SourceVersionDate "2019.09.30"]
[SourceQuality "1"]
[WhiteTeam "Hebei Chess Assoc"]
[BlackTeam "Shenzhen Ticai"]
[WhiteTeamCountry "CHN"]
[BlackTeamCountry "CHN"]

1. e4 c5 2. Nf3 Nc6 3. d4 cxd4 4. Nxd4 g6 5. Nc3 Bg7 6. Be3 Nf6 7. Be2 d6 8. 0-0 0-0 9. Kh1 Bd7 10. f4 a6 11. Bf3 Rc8 12. a3 Qc7 13. h3 b5 14. Qd3 Na5 15. Bf2 Nc4 16. Nd1 e5 17. fxe5 dxe5 18. Nb3 Rfd8 19. Qc3 Bc6 20. Re1 Bh6 21. Re2 Rd6 22. Bc5 Rd7 23. Nf2 a5 24. Ng4 Nxg4 25. Bxg4 a4 26. Bxd7 Bxd7 27. Bb4 axb3 28. cxb3 Nb6 29. Qxc7 Rxc7 30. Bd6 Rc8 31. Bxe5 Be6 32. Bd4 Nd7 33. b4 Bb3 34. Bc3 Nb6 35. Rf2 Nc4 36. Raf1 Nxa3 37. Rf3 Nc2 38. R1f2 Bg5 39. Re2 Rc4 40. Be5 Rxb4 41. Bd6 Bc4 42. Rxc2 Ra4 43. b3 Ra1+ 44. Kh2 Be6 45. Rc5 h6 46. Rxb5 Re1 47. Be5 f5 48. exf5 gxf5 49. Bf4 Kf7 50. Bxg5 hxg5 51. b4 Kf6 52. Rb8 Ke5 53. Re8 Kf6 54. b5 Rb1 55. Rb8 Rb2 56. Kg1 Bd5 57. Rf2 Rb1+ 58. Kh2 f4 59. b6 Kf5 60. Rd2 Be4 61. Ra2 Bc6 62. Rc2 Be4 63. Re2 Rb4 64. Rxe4 Kxe4 65. b7 1-0